| 000 | 00806nam a22002177a 4500 | ||
|---|---|---|---|
| 005 | 20240530110539.0 | ||
| 008 | 160507s2013 ua a g 000 0 ara d | ||
| 017 |
_a2013/10206 _bمصر . دار الكتب المصرية |
||
| 020 | _a9789774483448 | ||
| 040 | _aEG-CaGPL | ||
| 082 | 0 | 4 |
_221 _a330.121\ _bع أ |
| 100 | 0 | _aعبدالرحمن ابوقطيفة . | |
| 245 | 1 | 2 |
_aالاقتصاد الاسلامى و الاقتصاديات الوضعية / _cعبدالرحمن ابوقطيفة . |
| 250 | _aط1. | ||
| 260 |
_aالقاهرة : _bالهيئة المصرية العامة للكتاب ، _c2013. |
||
| 300 |
_a304 ص ؛ _c24 سم . |
||
| 650 | 0 | 4 | _aالاقتصاد الاسلامى . |
| 650 | 0 | 4 | _aالاقتصاد . |
| 942 |
_2ddc _cBK |
||
| 999 |
_c62228 _d62228 |
||